书目信息 |
| 题名: |
极简人类史
|
|
| 作者: | 克里斯蒂安 著 ;王睿 译 | |
| 分册: | ||
| 出版信息: | 北京 中信出版社 2016 |
|
| 页数: | 219页 | |
| 开本: | 21cm | |
| 丛书名: | ||
| 单 册: | ||
| 中图分类: | C912.4 , K109 | |
| 科图分类: | ||
| 主题词: | 文化人类学--wen hua ren lei xue--通俗读物 , 世界史--shi jie shi--通俗读物 | |
| 电子资源: | ||
| ISBN: | 978-7-5086-5918-3 | |
| 000 | 01227nam0 22002891 450 | |
| 001 | 0119165228 | |
| 005 | 20170619165228.0 | |
| 010 | @a978-7-5086-5918-3@dCNY38.00 | |
| 100 | @a20160513d2016 em y0chiy50 ea | |
| 101 | 1 | @achi@ceng |
| 102 | @aCN@b110000 | |
| 105 | @aa z 000yy | |
| 106 | @ar | |
| 200 | 1 | @a极简人类史@9ji jian ren lei shi@e从宇宙大爆炸到21世纪@dThis fleeting world@ea short history of humanity@f(美)大卫·克里斯蒂安(David, Christian)著@g王睿译@zeng |
| 210 | @a北京@c中信出版社@d2016 | |
| 215 | @a219页@c图@d21cm | |
| 330 | @a本书讲述现代智人近10万年的发展轨迹,书中从宇宙大爆炸、星系演变、生命进化,讲到早期社会的诞生、农业文明的出现、现代社会与文明危机。全书共4个篇章,在不到10万字的篇幅里,清晰地勾勒出每一阶段的发展框架。 | |
| 510 | 1 | @aFleeting world@ea short history of humanity@zeng |
| 517 | 1 | @a从宇宙大爆炸到21世纪@9cong yu zhou da bao zha dao 21shi ji |
| 606 | 0 | @a文化人类学@9wen hua ren lei xue@j通俗读物 |
| 606 | 0 | @a世界史@9shi jie shi@j通俗读物 |
| 690 | @aC912.4@v5 | |
| 690 | @aK109@v5 | |
| 701 | 0 | @c(美)@a克里斯蒂安@9ke li si di an@c(Christian, David@f1946-)@4著 |
| 702 | 0 | @a王睿@9wang rui@4译 |
| 801 | 0 | @aCN@b百万庄@c20170616 |
| 905 | @b1010535-40@dC912.4@e1034@f6 | |
| 极简人类史:从宇宙大爆炸到21世纪=This fleeting world:a short history of humanity/(美)大卫·克里斯蒂安(David, Christian)著/王睿译.-北京:中信出版社,2016 |
| 219页:图;21cm |
| ISBN 978-7-5086-5918-3:CNY38.00 |
| 本书讲述现代智人近10万年的发展轨迹,书中从宇宙大爆炸、星系演变、生命进化,讲到早期社会的诞生、农业文明的出现、现代社会与文明危机。全书共4个篇章,在不到10万字的篇幅里,清晰地勾勒出每一阶段的发展框架。 |
| ● |
| 相关链接 |
|
|
|
|
正题名:极简人类史
索取号:C912.4/1034
 
预约/预借
| 序号 | 登录号 | 条形码 | 馆藏地/架位号 | 状态 | 备注 |
| 1 | 1010535 | 210105358 | 第一样本阅览室/ [索取号:C912.4/1034] | 在馆 | |
| 2 | 1010536 | 210105367 | 教育系资料室/ [索取号:C912.4/1034] | 在馆 | |
| 3 | 1010537 | 210105376 | 教育系资料室/ [索取号:C912.4/1034] | 在馆 | |
| 4 | 1010538 | 210105385 | 教育系资料室/ [索取号:C912.4/1034] | 在馆 | |
| 5 | 1010539 | 210105394 | 第一借阅区/ [索取号:C912.4/1034] | 在馆 | |
| 6 | 1010540 | 210105401 | 第一借阅区/ [索取号:C912.4/1034] | 在馆 |